Country flavor,

Saved in:
Bibliographic Details
Main Author: Pearson, Haydn Sanborn.
Format: Book
Language:English
Published: New York : Whittlesey, McGraw-Hill, 1945.
Subjects:
Tags: Add Tag
No Tags, Be the first to tag this record!
LEADER 00757nam a2200241I 4500
001 006284675-2
005 20020606163548.3
008 740614s1945 xx 000 0 eng u
010 |a agr45000362  
035 0 |a ocm00918704 
040 |c BMC  |d HLS 
043 |a n-us--- 
050 0 |a S521  |b .P34 
082 |a 630.1 
100 1 |a Pearson, Haydn Sanborn. 
245 1 0 |a Country flavor,  |c by Haydn S. Pearson. 
260 |a New York :  |b Whittlesey, McGraw-Hill,  |c 1945. 
300 |a 112 p. incl. front., illus.  |c 24cm. 
500 |a "First printing." 
650 0 |a Country life  |z United States. 
776 0 8 |i Online version:  |a Pearson, Haydn Sanborn.  |t Country flavor.  |d New York, London, Whittlesey, McGraw-Hill [1945]  |w (OCoLC)615170904 
988 |a 20020608 
906 |0 MH